[Event "WA State-ch"]
[Site "South Perth"]
[Date "2006.08.13"]
[Round "7"]
[White "Hessing, Rod"]
[Black "Deheer, Alex"]
[Result "0-1"]
[WhiteElo "1607"]
[BlackElo "1530"]
[PlyCount "54"]
[EventDate "2006.07.02"]
[EventType "swiss"]
[EventRounds "9"]
[EventCountry "AUS"]
[SourceTitle "EXT 2008"]
[Source "ChessBase"]
[SourceDate "2007.11.25"]
[SourceVersion "1"]
[SourceVersionDate "2007.11.25"]
[SourceQuality "1"]

1. f4 e5 2. fxe5 d6 3. Nf3 dxe5 4. e4 Nc6 5. Bb5 Bd7 6. 0-0 Bc5+ 7. Kh1 Nge7 8. Bxc6 Nxc6 9. c3 Bg4 10. b4 Bb6 11. a4 a6 12. Na3 Qd3 13. b5 Na5 14. Nxe5 Bxd1 15. Nxd3 Be2 16. Rf3 Bxf3 17. gxf3 0-0-0 18. Ne5 Nb3 19. Rb1 Nxc1 20. Rxc1 Rxd2 21. Nac4 Rf2 22. Nxf7 Rf8 23. Nce5 Be3 24. Rb1 Bf4 25. bxa6 Rxh2+ 26. Kg1 bxa6 27. c4 Rh5 0-1

[Event "WA State-ch"]
[Site "South Perth"]
[Date "2006.07.30"]
[Round "5"]
[White "Deheer, Alex"]
[Black "Slack Smith, Blair"]
[Result "0-1"]
[WhiteElo "1530"]
[BlackElo "1309"]
[PlyCount "44"]
[EventDate "2006.07.02"]
[EventType "swiss"]
[EventRounds "9"]
[EventCountry "AUS"]
[SourceTitle "EXT 2008"]
[Source "ChessBase"]
[SourceDate "2007.11.25"]
[SourceVersion "1"]
[SourceVersionDate "2007.11.25"]
[SourceQuality "1"]

1. d4 f5 2. e3 Nf6 3. Bd3 g6 4. Nc3 Bg7 5. Nf3 0-0 6. 0-0 b6 7. Qe2 Bb7 8. Bc4+ Kh8 9. Ng5 e6 10. Bxe6 dxe6 11. Nxe6 Qe7 12. Nxf8 Qxf8 13. Qc4 Qe7 14. Bd2 Ba6 15. Nd5 Bxc4 16. Nxe7 Bxf1 17. Kxf1 Bf8 18. Bb4 c5 19. dxc5 Bxe7 20. cxb6 Nc6 21. b7 Rd8 22. Ba5 Nxa5 0-1

[Event "WA State-ch"]
[Site "South Perth"]
[Date "2006.07.23"]
[Round "4"]
[White "Garcia, Mat"]
[Black "Deheer, Alex"]
[Result "1/2-1/2"]
[WhiteElo "1480"]
[BlackElo "1530"]
[PlyCount "177"]
[EventDate "2006.07.02"]
[EventType "swiss"]
[EventRounds "9"]
[EventCountry "AUS"]
[SourceTitle "EXT 2008"]
[Source "ChessBase"]
[SourceDate "2007.11.25"]
[SourceVersion "1"]
[SourceVersionDate "2007.11.25"]
[SourceQuality "1"]

1. e4 e5 2. Nf3 Nc6 3. Bb5 a6 4. Ba4 Nf6 5. 0-0 b5 6. Bb3 Be7 7. Qe2 d6 8. c3 Na5 9. Bc2 Be6 10. Rd1 c5 11. d4 Bc4 12. Bd3 Bxd3 13. Rxd3 exd4 14. cxd4 c4 15. Rd1 Qc7 16. d5 0-0 17. Nd4 Nd7 18. Bf4 Bf6 19. Na3 Be5 20. Qg4 Bxf4 21. Qxf4 Ne5 22. Nf5 Rad8 23. Rac1 Qd7 24. Qg3 f6 25. Rc2 g6 26. Re2 Kh8 27. Nd4 Rf7 28. Nac2 Nd3 29. Ne1 Nxe1 30. Rdxe1 Re8 31. Qa3 Qc7 32. Re3 Qb6 33. Ne6 Nc6 34. Qxd6 Rfe7 35. Qf4 Rxe6 36. dxe6 Rxe6 37. Qh6 Qd8 38. Rh3 Qg8 39. Qd2 Ne5 40. b3 Qf8 41. Rd1 Nd3 42. bxc4 bxc4 43. Re3 Qe7 44. f3 Qc5 45. Kh1 Rd6 46. Rf1 Qd4 47. Re2 Qc5 48. Qc3 Nf4 49. Rc2 Nd3 50. h3 Rd4 51. Rb1 a5 52. Rb8+ Kg7 53. Rb7+ Kg8 54. Rc7 Nf2+ 55. Rxf2 Rd1+ 56. Kh2 Qxc7+ 57. g3 Qc5 58. Kg2 Kg7 59. Qb2 Qb4 60. Qe2 Qb1 61. f4 Qd3 62. Qxd3 Rxd3 63. Rc2 Rd4 64. Kf3 Rd3+ 65. Kf2 Ra3 66. Rxc4 Rxa2+ 67. Kf3 a4 68. Rc7+ Kh6 69. Ra7 Ra1 70. Kg4 a3 71. Kh4 a2 72. Kg4 Re1 73. Rxa2 Rxe4 74. Ra6 f5+ 75. Kh4 Rb4 76. Rc6 Kg7 77. Kg5 Rb3 78. Rc7+ Kf8 79. Kf6 Ke8 80. Rxh7 Rxg3 81. Rh6 Rf3 82. Ke6 Kf8 83. Kf6 Ke8 84. Ke6 Kf8 85. Kf6 Ke8 86. Ke6 Kf8 87. Rxg6 Rxf4 88. Rf6+ Kg7 89. Rxf5 1/2-1/2

[Event "WA State-ch"]
[Site "South Perth"]
[Date "2006.07.16"]
[Round "3"]
[White "Deheer, Alex"]
[Black "Kueh, Michael"]
[Result "0-1"]
[WhiteElo "1530"]
[BlackElo "1868"]
[PlyCount "88"]
[EventDate "2006.07.02"]
[EventType "swiss"]
[EventRounds "9"]
[EventCountry "AUS"]
[SourceTitle "EXT 2008"]
[Source "ChessBase"]
[SourceDate "2007.11.25"]
[SourceVersion "1"]
[SourceVersionDate "2007.11.25"]
[SourceQuality "1"]

1. d4 Nf6 2. Nc3 d6 3. e4 c6 4. Bf4 Qa5 5. e5 dxe5 6. Bxe5 Ne4 7. Qd3 Nxc3 8. Qxc3 Qxc3+ 9. bxc3 Nd7 10. Bf4 e6 11. Nf3 Ba3 12. Rb1 0-0 13. Rb3 Be7 14. Ne5 Nxe5 15. Bxe5 Rd8 16. Be2 Bd6 17. f4 f6 18. Bxd6 Rxd6 19. Bf3 Rd7 20. 0-0 Rc7 21. Rfb1 Rb8 22. c4 b6 23. a4 Bd7 24. a5 b5 25. cxb5 cxb5 26. Be4 a6 27. Kf2 Rbc8 28. Ke2 Bc6 29. d5 Bxd5 30. Bxd5 exd5 31. Rd3 Rxc2+ 32. Kf1 Rc1+ 33. Rxc1 Rxc1+ 34. Kf2 Rc2+ 35. Kg3 Rc5 36. Kf3 Kf7 37. g4 b4 38. Rd4 Rb5 39. Rd1 Rxa5 40. f5 Rb5 41. Rc1 Rb7 42. Ke3 b3 43. Kd4 b2 44. Rb1 Rb5 0-1